|
|
|
|
| LEADER |
01914nam a2200469 a 4500 |
| 001 |
000707534 |
| 003 |
CZ BrMZK |
| 005 |
20090324115110.0 |
| 007 |
ta |
| 008 |
040302s2003 xr ac e 000 0 cze d |
| 015 |
|
|
|a cnb001245714
|
| 020 |
|
|
|a 80-239-0790-5
|q (v knize neuvedeno ; brož.)
|
| 035 |
|
|
|a (OCoLC)53274425
|
| 040 |
|
|
|a ABA001
|b cze
|d BOA001
|
| 041 |
1 |
|
|a cze
|a ger
|a eng
|h cze
|
| 043 |
|
|
|a e-it---
|a e-xr---
|b e-xr-jm
|2 czenas
|
| 045 |
|
|
|a w-w-
|a y0y1
|
| 072 |
|
7 |
|a 792
|x Divadlo. Divadelní představení
|2 Konspekt
|9 3
|
| 080 |
|
|
|a 782
|2 MRF
|
| 080 |
|
|
|a 792.54
|2 MRF
|
| 080 |
|
|
|a (450)
|2 MRF
|
| 080 |
|
|
|a (437.322)
|2 MRF
|
| 080 |
|
|
|a (083.97)
|2 MRF
|
| 245 |
0 |
0 |
|a Giuseppe Verdi, Un ballo in maschera :
|b [Maškarní ples : opera o třech dějstvích : premiéra dne 14.3.2003 v Janáčkově divadle /
|c libreto podle dramatu E. Scriba Gustav III. napsal A. Somma ; program připravila Patricie Částková]
|
| 246 |
3 |
3 |
|a <<Un >>ballo in maschera
|
| 246 |
3 |
3 |
|a Maškarní ples
|
| 260 |
|
|
|a V Brně :
|b Národní divadlo v Brně,
|c 2003
|
| 300 |
|
|
|a 88 s. :
|b il., portréty ;
|c 13 x 14 cm
|
| 500 |
|
|
|a Část. německý a anglický text
|
| 648 |
|
7 |
|a 19. století
|7 ch460557
|2 czenas
|
| 648 |
|
7 |
|a 2001-2010
|7 ch460588
|2 czenas
|
| 650 |
0 |
7 |
|a opery
|7 ph123760
|z Itálie
|y 19. stol.
|2 czenas
|
| 650 |
0 |
7 |
|a operní inscenace
|7 ph137507
|z Česko
|y 2001-2010
|2 czenas
|
| 655 |
|
7 |
|a divadelní programy
|7 fd132033
|2 czenas
|
| 610 |
2 |
7 |
|a Janáčkovo divadlo
|7 kn20010709307
|2 czenas
|
| 651 |
|
7 |
|a Brno (Česko)
|7 ge134084
|2 czenas
|
| 700 |
1 |
|
|a Částková, Patricie
|7 jn20001103465
|4 edt
|
| 710 |
2 |
|
|a Janáčkovo divadlo
|7 kn20010709307
|
| 910 |
|
|
|a BOA001
|b S-1130.164
|
| 990 |
|
|
|a BK
|
| 996 |
6 |
|
|b 2610213129
|c S-1130.164
|l MZK
|r Sklad / do 24 hodin
|n 0
|p p.v.
|w 000707534
|u 000010
|a 1
|e BOA001
|j MZK50
|s P
|
| 996 |
6 |
|
|b 2610213130
|c S-1130.164
|l MZK
|r Sklad / do 24 hodin
|n 0
|p p.v.
|w 000707534
|u 000020
|a 1
|e BOA001
|j MZK50
|s P
|